Score 0/11 Timer 01:00
6 Plays Today
% Correct
Buy
93.2%
Need
93.1%
Away
92.2%
Only
90%
Do
88.9%
Words
87.7%
Know
87.4%
You
80.9%
And
76.9%
P.S.
76.9%
Hallelujah
55.9%

Today's Daily Dose

Missing Word
Formula One Champs

Word Ladder
Cranium

Remove Ads.
Support Sporcle.
Get the best of Sporcle when you Go Orange. This ad-free experience offers more features, more stats, and more fun while also helping to support Sporcle. Thank you for becoming a member.

You're not logged in!

Compare scores with friends on all Sporcle quizzes.
OR
Log In

Sporcle TV

Today on Sporcle TV


Watch our educational content, quiz creation guides, and fun videos on Sporcle TV.

Show Comments

Extras

Top Quizzes Today


Score Distribution

Paid Content

Your Account Isn't Verified!

In order to create a playlist on Sporcle, you need to verify the email address you used during registration. Go to your Sporcle Settings to finish the process.

Report this User

Report this user for behavior that violates our Community Guidelines.

Details: